Deutsche Landkreise und kreisfreie Städte nach Buchstabe - T - Statistiken

Allgemein
  • Dieses Quiz wurde 166 mal gespielt
  • Das Durchschnittsergebnis liegt bei 6 aus 7
Antwortstatistiken
Bundesland Kreis % Korrekt
Rheinland-Pfalz Trier
98%
Baden-Württemberg Tübingen
93%
Baden-Württemberg Tuttlingen
90%
Bayern Traunstein
88%
Brandenburg Teltow-Fläming
78%
Bayern Tirschenreuth
77%
Rheinland-Pfalz Trier-Saarburg
54%
Keine übereinstimmenden Quizze gefunden
Verteilung der Resultate
Anzahl Personen mit jedem Resultat
Perzentil nach korrekt beantworteten Fragen
Ihre Resultats-Entwicklung
Sie haben dieses Quiz noch nicht gespielt